| 000 | 01214nam a2200301Ia 4500 | ||
|---|---|---|---|
| 003 | GCL | ||
| 008 | 140319s9999 xx 000 0 ara d | ||
| 020 | _a3087358977 | ||
| 040 |
_aGCL / _cGCL |
||
| 082 | 0 | 4 |
_a325.3096 _bع ن |
| 100 | 1 | _aعبدالقادر رزيق المخادمى | |
| 245 | 1 | 0 |
_aالنزاعات فى القارة الافريقية : _bانكسار دائم ام انحسار مؤقت / _cعبدالقادر رزيق المخادمى |
| 260 |
_aالقاهرة : _bدار الفجر للنشر والتوزيع ، _c2005 |
||
| 300 |
_a321ص ؛ _c24 سم |
||
| 650 | 0 | 4 | _aافريقيا |
| 650 | 0 | 4 | _aالصراع الاجتماعى |
| 650 | 0 | 4 | _aالحدود |
| 650 | 0 | 4 | _aالحروب الاهلية |
| 650 | 0 | 4 | _aافريقيا - الاحوال السياسية |
| 650 | 0 | 4 | _aافريقيا - تاريخ - العصرالحديث |
| 650 | 0 | 4 | _aافريقيا - المستعمرات |
| 650 | 0 | 4 | _aالحدود - نزاعات اقليمية |
| 650 | 0 | 4 | _aدارفور - الحرب الاهلية |
| 650 | 0 | 4 | _aرواندا - الحرب الاهلية |
| 650 | 0 | 4 | _aبوروندى - الحرب الاهلية |
| 650 | 0 | 4 | _aالنزاعات الحدودية |
| 942 |
_2ddc _cBK |
||
| 999 |
_c8327 _d8327 |
||